00733nam a2200205 4500999001900000005001700019010001500036020002600051035001400077037001300091082001100104100001900115245009700134260002700231270007900258300002400337500001900361942002500380952012200405 c164208d16420820190514105813.0 aENG-125167 a9788171921584c600.00 aEN-108699 bDBAD/PUB a808.02 aFarzana S. Ali aSaadat Hassan Manto :bIndo- Pak short story writer of partition stories/cby Farzana S. Ali aNagpurbDattsonsc2018 aJawaharlal Nehru Marg, SadarbNagpure440001mdattsonspublishers@gmail.com avii,107p.c22cm(Hb) aIncludes index 2ddccENh808.02mFAR 001040718NFICaDBADbLd2019-05-14eDBAD/PUBg600.00l0o808.02 FARpEN-108699r2019-05-14 00:00:00t1v600.00yEN